Zaščita ot koroziji na stadiji projektirovanija

Gespeichert in:
Bibliographische Detailangaben
1. Verfasser: Pludek, V. (Verfasst von)
Format: Buch
Sprache:Russisch
Veröffentlicht: Moskva : Mir, 1980
Tags: Tag hinzufügen
Keine Tags, Fügen Sie das erste Tag hinzu!

MARC

LEADER 00000nam a22000003a 4500
001 stu166166
005 20150617230004.9
008 080701s1980----xxr-----------------rus-d
040 |a STU  |b slo 
041 0 |a rus 
044 |a xxr 
080 |a 620.123 
080 |a 620.197 
100 1 |a Pludek, V.  |4 aut 
245 1 |a Zaščita ot koroziji na stadiji projektirovanija 
260 |a Moskva :  |b Mir,  |c 1980 
300 |a 438 s 
500 |a prel. z angl.orig. 
996 |c V*22780/O-8976  |l VV18  |s P  |a 0  |w stu166166_0001